PALUMBINI, Ondrej náboženský spisovateľ (24. 8. 1768 Bobrovník-Hliník, okr. Liptovský Mikuláš - 27. 1. 1823 Drážovce, okr. Zvolen)

Bibliographic Details
Format: Article
Language:Slovak
ISBN:8070900709 viaz
Subjects:

MARC

LEADER 00000naa a2200000uu 4500
001 vtls010922542
003 SK-MaSNL
005 20260302131432.0
008 220808|1990 xo |||||||||||||||||slo|
015 |a SNBRA 
035 |a (urnnbn)urn:nbn:sk:snk:ar-a0d125 
035 |a (uuid)57ccfcc1-89de-4100-bb45-5d7bca4001aa 
035 |a urn:nbn:sk:snk-aatprm 
040 |a SNKBUCL  |b slo  |c SNKBUCL  |e AACR2 
041 0 |a slo 
044 |a xo  |c SK 
245 0 0 |a PALUMBINI, Ondrej  |b náboženský spisovateľ (24. 8. 1768 Bobrovník-Hliník, okr. Liptovský Mikuláš - 27. 1. 1823 Drážovce, okr. Zvolen) 
655 7 |a biografické heslá  |2 SNKPH  |9 368942 
773 0 |t Slovenský biografický slovník : (od roku 833 do roku 1990). IV. zväzok, M-Q  |d Martin : Matica slovenská, 1990  |g S. 392  |z 8070900709 viaz 
954 |a odborná, vedecká literatúra pôvodná (slovenská)  |2 lita 
958 |a BX 
958 |a OND 
958 |a chapter 
958 |a article25 
999 |c 1307204  |d 1309134